[Event "Africa-ch U14 Girls"]
[Site "Cairo"]
[Date "2017.12.05"]
[Round "4.1"]
[White "Boubendir, Nesrine"]
[Black "Abdel Moniem, Asmaa"]
[Result "1-0"]
[WhiteElo "1387"]
[BlackElo "1656"]
[PlyCount "116"]
[EventDate "2017.12.03"]
[EventType "swiss"]
[EventRounds "9"]
[EventCountry "EGY"]
[SourceTitle "EXT 2024"]
[Source "ChessBase"]
[SourceDate "2023.10.10"]
[SourceVersion "1"]
[SourceVersionDate "2023.10.10"]
[SourceQuality "1"]

1. e4 e5 2. Nf3 Nc6 3. Bb5 a6 4. Ba4 Nf6 5. 0-0 b5 6. Bb3 Bc5 7. Re1 d6 8. c3 Bg4 9. h3 Bh5 10. d3 h6 11. Be3 0-0 12. Bd5 Nxd5 13. exd5 Ne7 14. Bxc5 dxc5 15. Rxe5 Bxf3 16. Qxf3 Qd6 17. Re2 Nxd5 18. Nd2 Nf6 19. Rae1 Rad8 20. Nb3 Rd7 21. Qf5 Qxd3 22. Qxc5 Qd6 23. Re7 Qb6 24. Qxb6 cxb6 25. Rxd7 Nxd7 26. Re7 Rd8 27. Nd4 Kf8 28. Re2 Nc5 29. Kf1 b4 30. cxb4 Rxd4 31. bxc5 Rd1+ 32. Re1 Rxe1+ 33. Kxe1 bxc5 34. Kd2 Ke7 35. Kc3 Kd6 36. Kc4 Kc6 37. a4 a5 38. g4 g5 39. f3 Kd6 40. Kb5 Kd5 41. Kxa5 Kc6 42. b3 c4 43. bxc4 Kc5 44. Ka6 Kxc4 45. Kb6 Kd3 46. a5 Ke3 47. a6 Kxf3 48. a7 Kg3 49. a8Q Kxh3 50. Qf3+ Kh4 51. Kc5 h5 52. gxh5 g4 53. Qf2+ g3 54. Qg2 Kxh5 55. Qf3+ Kh6 56. Kd5 Kg5 57. Ke5 Kh6 58. Kf5 Kh7 1-0